00632nam a2200205Ia 4500003000900000008004100009020001500050040001600065080002000081245011600101260003700217300001300254650001400267650004300281650001700324650001600341700002300357700002300380700002300403IN-BaIIA211028s9999 xx 000 0 eng d a0-8243-091 cIIA Library a047.1:52bARA-3 0aAnnual reviews of astronomy and astrophysicsbvol. 3cedited by Leo Goldberg, Armin J. Deutsch and David Layzer aCaliforniabAnnual Reviewsc1965 avii,438p aAstronomy aAstronomy and Astrophysics Thesaurus  aAstrophysics aPeriodicals aDeustsch, Armin J. aGoldberg, Leo, ed. aLayzer, David, ed.